| 000 | 00764cam a22002294a 4500 | ||
|---|---|---|---|
| 001 | sa 66007100 | ||
| 003 | DLC | ||
| 005 | 20260227112301.0 | ||
| 008 | 720120s1966 ii b 001 0 eng | ||
| 010 | _asa 66007100 | ||
| 040 |
_aDLC _cDLC |
||
| 043 | _aa-ii--- | ||
| 050 | 0 | 0 |
_aDS485.A15 _bS58 1966 |
| 100 | 1 |
_aShyam, Radhey, _d1935- |
|
| 245 | 1 | 4 |
_aThe kingdom of Ahmadnagar / _cRadhey Shyam ; with a foreword by Bisheshwar Prasad. |
| 250 | _a1st ed. | ||
| 260 |
_aDelhi : _bMotilal Banarsidass, _c1966. |
||
| 300 |
_axvii, 440 p. ; _c23 cm. |
||
| 500 | _aOriginally presented as the author's thesis (doctoral--University of Allahabad). | ||
| 504 | _aIncludes bibliographical references (p. 412-418) and index. | ||
| 651 | 0 |
_aAhmadnagar (Kingdom) _xHistory. |
|
| 999 |
_c70925 _d70925 |
||